Catálogo
 En Linea

El sol y las cosas / (Registro nro. 26909)

Detalles MARC
000 -CABECERA
campo de control de longitud fija 00868nam a2200241 a 4500
001 - NÚMERO DE CONTROL
campo de control 000027417
005 - FECHA Y HORA DE LA ÚLTIMA TRANSACCIÓN
campo de control 20240412074253.0
008 - DATOS DE LONGITUD FIJA--INFORMACIÓN GENERAL
campo de control de longitud fija 110331s1957 dr a 001 p spa d
040 ## - FUENTE DE LA CATALOGACIÓN
Centro catalogador/agencia de origen DO-SdBNP
Lengua de catalogación spa
Centro/agencia transcriptor BNPHU
082 ## - NÚMERO DE LA CLASIFICACIÓN DECIMAL DEWEY
Número de clasificación RD861.44
Número de documento/Ítem V443s
049 ## - FONDOS LOCALES (OCLC)
Fondos de biblioteca BNPD
100 1# - ENTRADA PRINCIPAL--NOMBRE DE PERSONA
Nombre de persona Veloz Maggiolo, Marcio,
Fechas asociadas al nombre 1936-2021
9 (RLIN) 1104
245 13 - MENCIÓN DE TÍTULO
Título El sol y las cosas /
Mención de responsabilidad, etc. Marcio Veloz Maggiolo ; prólogo de Antonio Fernández Spencer.
260 ## - PUBLICACIÓN, DISTRIBUCIÓN, ETC.
Lugar de publicación, distribución, etc. Ciudad Trujillo, República Dominicana :
Nombre del editor, distribuidor, etc. Arquero,
Fecha de publicación, distribución, etc. 1957.
300 ## - DESCRIPCIÓN FÍSICA
Extensión 82 p. :
Otras características físicas il. ;
Dimensiones 23 cm.
490 1# - MENCIÓN DE SERIE
Mención de serie Arquero: verso y prosa
Designación de volumen o secuencia 1
500 ## - NOTA GENERAL
Nota general Incluye notas al pie de las páginas.
650 #0 - PUNTO DE ACCESO ADICIONAL DE MATERIA--TÉRMINO DE MATERIA
Término de materia o nombre geográfico como elemento de entrada Poesía dominicana
9 (RLIN) 66
650 #0 - PUNTO DE ACCESO ADICIONAL DE MATERIA--TÉRMINO DE MATERIA
Término de materia o nombre geográfico como elemento de entrada Literatura dominicana.
9 (RLIN) 67
700 1# - PUNTO DE ACCESO ADICIONAL--NOMBRE DE PERSONA
Nombre de persona Fernández Spencer, Antonio,
Fechas asociadas al nombre 1922-1995
Término indicativo de función/relación pról.
9 (RLIN) 22525
830 #0 - PUNTO DE ACCESO ADICIONAL DE SERIE-TÍTULO UNIFORME
Título uniforme Arquero: verso y prosa
Número de parte o sección de la obra 1
9 (RLIN) 54487
910 ## - DATOS DE OPCIÓN DEL USUARIO (OCLC)
Datos de opción del usuario Validado. Control de calidad EMS
Existencias
Estado de retiro Estado de pérdida Restricciones de uso No para préstamo Código de colección Localización permanente Ubicación/localización actual Ubicación en estantería Fecha de adquisición Número de inventario Total de préstamos Signatura topográfica completa Código de barras Fecha visto por última vez Precio válido a partir de Tipo de ítem Koha Nota pública
      Excluido de préstamo Raros y valiosos Patrimonio Dominicano Patrimonio Dominicano Depósito 31.03.2011 LF1   RD861.44 V443s 27417-10 25.06.2020 25.06.2020 No se presta Dedicado por el autor

Con tecnología Koha